Statistics for Brawlers names(2017-2020)

Click here to take the quiz!

General Stats

  • This quiz has been taken 3 times
  • The average score is 36 of 43

Answer Stats

Answer% Correct
8Bit
100%
Barley
100%
Bo
100%
Bull
100%
Colt
100%
Crow
100%
Dynamike
100%
Edgar
100%
El Primo
100%
Emz
100%
Frank
100%
Gale
100%
Gene
100%
Leon
100%
Mortis
100%
Pam
100%
Poco
100%
Rico
100%
Rosa
100%
Sandy
100%
Shelly
100%
Spike
100%
Surge
100%
Tara
100%
Bea
67%
Bibi
67%
Brock
67%
Byron
67%
Carl
67%
Colette
67%
Darryl
67%
Jacky
67%
Jessie
67%
Lou
67%
Max
67%
Mr.P
67%
Nani
67%
Nita
67%
Penny
67%
Piper
67%
Sprout
67%
Tick
67%
Ember
33%

Score Distribution

Percentile by Number Answered

Percent of People with Each Score

Your Score History

You have not taken this quiz